000 00382nam a22001457a 4500
003 OSt
005 20160226131004.0
008 160226b xxu||||| |||| 00| 0 eng d
020 _a0070049238
040 _cN/A
100 _aBENTLEY JERRY H
245 _aTRADITIONAL ENCOUNTERS
_bAGOBAL PASPECTIVE ON THE PAST
260 _aMC GRAW HILL
_bBOSTON BURR RIDGE
_c2000
942 _2lcc
_cBK
999 _c252653
_d252652